000 00672nam a22002417a 4500
003 CHAP
005 20220329135521.0
008 971013s r 00010 d
010 _a37925
011 _a38897
035 _a43017
040 _cCHAP
090 _aR-1628
100 0 0 _aMiller, Forrest W.
_975763
245 _aMuscle variations in the tibia of several species of aphids
500 _aSobretiro de: Psyche, 39(3): 64-76, 1932
590 _aBATCH-UPD
_b10
_c20130110
_lUCH01
_h2115
590 _aCONVERSION
_b10
_c20130109
_lUCH01
_h1321
650 1 4 _aAphis.
_96231
901 _aBK
942 _cREIMP
949 _aR-1628
_bBC
_cR
_d-98834
_eTS1
_i43017
_mD
_si
999 _c37925
_d37925